000 00844nam a2200277 a 4500
005 20200104041524.0
008 140303b1999 uy ||||| |||| 00| 0 spa d
020 _a9974420520
040 _aCO-BoIAVH
_cCO-BoIAVH
041 _aspa
044 _auy
082 1 4 _a338.16
_bA46a
100 1 _aAltieri, Miguel A.
245 1 0 _aAgroecología:
_bbases científicas para una agricultura sustentable.
260 _aMontevide,
_bEditorial Nordan Comunidad,
_c1999.
300 _a338 páginas.
_btablas, gráficas
650 _aAgroecología
650 1 6 _aAgricultura
650 1 4 _aUso sostenible
650 1 4 _aSistemas de producción agropecuarios
650 _aManejo de recursos
650 1 4 _aControl biológico
650 1 4 _aPlagas
650 1 4 _aArvenses
942 _cLIBRO
_2ddc
999 _c1805
_d1805